European Monarchs - Medium Mode - Statistics

General Stats
  • This quiz has been taken 24 times
  • The average score is 7 of 18
Answer Stats
Hint Answer % Correct
Current King of United Kingdom Charles III
90%
Known as "Bloody____" Mary I
90%
His first minister was Cardinal Richelieu Louis XIII
76%
Empress that overthrew her husband and contributed to the recognition of Russia as a great European power Catherine II
71%
His marriage to Castille united Spain Ferdinand II
62%
Roman Emperor that's notorious for severe prosecution against Christians Nero I
57%
Sent the Spanish Armada to invade England Philip II
57%
Only King of England to be also crowned King of France Henry VI
52%
Ruled H.R.E, Spanish Empire, Netherlands, Austria and Italy Charles V
43%
Died at the Battle of Flodden against Catherine of Aragon James IV
33%
Helped his wife overthrow the King of England and Scotland from her father William III
24%
Last Holy Roman Emperor Francis II
19%
Succeeded Charlemagne Louis I
14%
First King of Portugal Afonso I
10%
First Monarch of the House of Capet Hugh I
5%
Monarch that rejected Christopher Columbus John II
5%
She United Denmark, Norway and Sweden Margrethe I
5%
Known as the architect of the Polish state Mieszko I
0%
No matching quizzes found
Score Distribution
Percent of People with Each Score
Percentile by Number Answered
Your Score History
You have not taken this quiz